Vista normal
Vista MARC
Entrada Personal Name
Número de registros utilizados en: 2
001 - CONTROL NUMBER
- control field: 58
003 - CONTROL NUMBER IDENTIFIER
- control field: DO-SdBNP
005 - DATE AND TIME OF LATEST TRANSACTION
- control field: 20161129093610.0
008 - FIXED-LENGTH DATA ELEMENTS
- fixed length control field: 161129|| aca||aabn | a|a d
040 ## - CATALOGING SOURCE
- Original cataloging agency: DO-SdBNP
100 ## - HEADING--PERSONAL NAME
- Personal name: Alvarez, Julia,
- Dates associated with a name: 1950-
670 ## - SOURCE DATA FOUND
- Source citation: De cómo las muchachas García perdieron el acento. 2009
- Information found: p. 2